El sabio y dichoso político infeliz (Record no. 10929)
[ view plain ]
| 000 -CABECERA | |
|---|---|
| campo de control de longitud fija | 01357nam a22002777a 4500 |
| 001 - NÚMERO DE CONTROL | |
| campo de control | BRCA_9308 |
| 003 - IDENTIFICADOR DEL NÚMERO DE CONTROL | |
| campo de control | FranzMayer |
| 005 - FECHA Y HORA DE LA ÚLTIMA TRANSACCIÓN | |
| campo de control | 20230823120702.0 |
| 008 - DATOS DE LONGITUD FIJA--INFORMACIÓN GENERAL | |
| campo de control de longitud fija | 230811b |||||||| |||| 00| 0 eng d |
| 040 ## - FUENTE DE LA CATALOGACIÓN | |
| Centro catalogador/agencia de origen | MFM |
| Lengua de catalogación | esp |
| Centro/agencia transcriptor | MFM |
| 050 #0 - SIGNATURA TOPOGRÁFICA DE LA BIBLIOTECA DEL CONGRESO | |
| Número de clasificación | BS2549 |
| Número de documento/Ítem | .O76 1672 (LM61) |
| 100 1# - ENTRADA PRINCIPAL--NOMBRE DE PERSONA | |
| Código de función/relación | Autor |
| Nombre de persona | Ormaza de. Ioseph |
| 9 (RLIN) | 29009 |
| 240 ## - TÍTULO UNIFORME | |
| Título uniforme | El sabio y dichoso político infeliz |
| Medio | del grano del evangelio, Christo S.N. en la Tierra. Seminario de toda la enseñanza. Desde que gana nombre hasta sv fvga a Egipto. |
| Lenguaje de la obra | español |
| 245 0# - MENCIÓN DE TÍTULO | |
| Título | El sabio y dichoso político infeliz |
| Resto del título | del grano del evangelio, Christo S.N. en la Tierra. Seminario de toda la enseñanza. Desde que gana nombre hasta sv fvga a Egipto. |
| 260 ## - PUBLICACIÓN, DISTRIBUCIÓN, ETC. | |
| Lugar de publicación, distribución, etc. | Segovia |
| Nombre del editor, distribuidor, etc. | Bernardo Hervada |
| Fecha de publicación, distribución, etc. | 1672 |
| 300 ## - DESCRIPCIÓN FÍSICA | |
| Extensión | 512 p |
| Dimensiones | 30 cm |
| 500 ## - NOTA GENERAL | |
| Nota general | Ejemplar encuadernado en pergamino y con tiras a los costados. |
| 500 ## - NOTA GENERAL | |
| Nota general | Fondo antiguo |
| 500 ## - NOTA GENERAL | |
| Nota general | Ejemplar se encuentra en caja fuerte |
| 500 ## - NOTA GENERAL | |
| Nota general | LM61 |
| 501 ## - NOTA DE "CON" | |
| Nota de “Con” | Fondo reservado: para su consulta es necesario credencial de usuario y cartas de motivos. |
| 505 ## - NOTA DE CONTENIDO CON FORMATO | |
| Nota de contenido con formato | Texto en: españolIncluye: índice temáticoDirigido a: teólogos, personas pertenecientes a la religión cristiana. |
| 650 1# - PUNTO DE ACCESO ADICIONAL DE MATERIA--TÉRMINO DE MATERIA | |
| Fuente del encabezamiento o término | Religión cristiana |
| Término de materia o nombre geográfico como elemento de entrada | La biblia |
| Subdivisión de forma | Nuevo testamento |
| 9 (RLIN) | 29010 |
| 651 2# - PUNTO DE ACCESO ADICIONAL DE MATERIA--NOMBRE GEOGRÁFICO | |
| Fuente del encabezamiento o término | Especiales del nuevo testamento |
| Nombre geográfico | Evangelios |
| Subdivisión de forma | Teología |
| 9 (RLIN) | 29011 |
| 942 ## - ELEMENTOS DE PUNTO DE ACCESO ADICIONAL (KOHA) | |
| Fuente del sistema de clasificación o colocación | Library of Congress Classification |
| Tipo de ítem Koha | Libros |
| Estado de retiro | Estado de pérdida | Fuente del sistema de clasificación o colocación | Estado dañado | No para préstamo | Código de colección | Localización permanente | Ubicación/localización actual | Fecha de adquisición | Fuente de adquisición | Total de préstamos | Signatura topográfica completa | Código de barras | Fecha visto por última vez | Precio válido a partir de | Tipo de ítem Koha |
|---|---|---|---|---|---|---|---|---|---|---|---|---|---|---|---|
| El ejemplar forma parte de la colección y puede ser consultado según las políticas vigentes. | Library of Congress Classification | Libros Antiguos y Raros | Biblioteca del Museo Franz Mayer (Rogerio Casas-Alatriste) | Biblioteca del Museo Franz Mayer (Rogerio Casas-Alatriste) | 11/08/2023 | Donación | BS2549 .O76 1672 (LM61) | LAR00194 | 11/08/2023 | 11/08/2023 | Libros |